The complete idiot's guide to managing your time

Bibliographic Details
Main Author: Davidson, Jeff
Format: Book
Published: New York : Alpha Books , 1999
Edition:Second edition
Series:The complete idiot's guide to
Subjects:

MARC

LEADER 00000cam a2200000 7i4500
001 0000019790
005 20080620.0
008 080619
020 |a 0028629434 
090 0 0 |a 658.4093   |b DAV 
100 1 |a Davidson, Jeff 
245 1 4 |a The complete idiot's guide to managing your time   |c Jeff Davidson 
250 |a Second edition 
260 |a New York :   |b Alpha Books ,   |c 1999 
440 0 |a The complete idiot's guide to 
650 0 |a Time management 
999 |a 0001024207   |b Book   |c Adult Collection   |e Perbadanan Perpustakaan Awam Johor